| 000 | 01272nam a22002057a 4500 | ||
|---|---|---|---|
| 999 |
_c374 _d374 |
||
| 003 | AR-CdUCM | ||
| 008 | 190223b ||||| |||| 00| 0 spa d | ||
| 040 |
_aMUNICIPALIDAD PROVINCIAL DEL CUSCO _cBIBLIOTECA MUNICIPAL DEL CUSCO |
||
| 082 |
_a320.947 / _bB82 |
||
| 100 |
_aBrezhnev, L. I. _91510 |
||
| 245 |
_aNuestro rumbo : _bla paz y el socialismo / |
||
| 260 |
_aMoscu : _bAgencia de prensa nóvosti, _c1974. |
||
| 300 |
_a182 páginas ; _c16.5 cm. |
||
| 505 | _aContenido: Discurso pronunciado en Sofía con motivo de la entrega del honroso título de héroe de la República popular de Bulgaria y de la orden Jorge Dimitrov, 18 de septiembre -- Discurso pronunciado en Sofia en el mitín de amistad búlgaro-soviética, 19 de septiembre -- Discurso pronunciado en Tashkent en la solemne reunión conjunta del comite central del partido comunista de Uzbekia y del Soviet supremo de la URSS de Uzbekia, consagrada a la entrega de la orden de la amistad de los pueblos a la república, 24 de septiembre -- Discurso pronunciado en el almuerzo ofrecido en honor del primer ministro del Japón, akuei Tanaka, 8 de octubre ... | ||
| 650 |
_aUnión Sovietica _9496 |
||
| 650 |
_aPolítica _9291 |
||
| 650 |
_aDiscursos _91511 |
||
| 942 |
_2ddc _cLIBROS |
||
| 945 |
_aafb _d2019-02-23 |
||